Reach out and touch : (Record no. 4733)

MARC details
000 -LEADER
fixed length control field 00641nam a22002052 4500
001 - CONTROL NUMBER
control field 0000000108
005 - DATE AND TIME OF LATEST TRANSACTION
control field 20151217151744.0
008 - FIXED-LENGTH DATA ELEMENTS--GENERAL INFORMATION
fixed length control field 070110s xx 000 0 eng d
020 ## - INTERNATIONAL STANDARD BOOK NUMBER
International Standard Book Number 9966214089 :
Terms of availability KES 420
040 ## - CATALOGING SOURCE
Original cataloging agency KABU
Transcribing agency KABU
100 1# - MAIN ENTRY--PERSONAL NAME
Personal name Munzer, Bernadette.
-- 0000148114
245 10 - TITLE STATEMENT
Title Reach out and touch :
Remainder of title when my daughters died ... /
Statement of responsibility, etc. Bernadette Munzer.
260 ## - PUBLICATION, DISTRIBUTION, ETC. (IMPRINT)
Place of publication, distribution, etc. Nairobi :
Name of publisher, distributor, etc. Paulines Publications,
Date of publication, distribution, etc. 1998.
300 ## - PHYSICAL DESCRIPTION
Extent 167 p. ;
Dimensions 21 cm.
650 #0 - SUBJECT ADDED ENTRY--TOPICAL TERM
Topical term or geographic name as entry element Grief.
-- 0000148071
650 #0 - SUBJECT ADDED ENTRY--TOPICAL TERM
Topical term or geographic name as entry element Loss (Psychology)
-- 0000148115
908 ## - PUT COMMAND PARAMETER (RLIN)
Put command parameter 070110
950 ## - LOCAL HOLDINGS (RLIN)
-- 1
Holdings
Withdrawn status Lost status Source of classification or shelving scheme Not for loan Home library Current library Date acquired Total Checkouts Full call number Barcode Date last seen Price effective from Koha item type
    Library of Congress Classification   Kabarak, Main Campus Kabarak, Main Campus 17/12/2015   BF724.85 .G73M86 1998 000528 17/12/2015 17/12/2015 General Collection
Designed with assistance from East African Informatics Ltd